Statistics for Countries that Produce the Most Avocados

Click here to take the quiz!

General Stats

  • This quiz has been taken 53 times
  • The average score is 14 of 20

Answer Stats

Production
(metric tonnes)
Country % Correct
213,041Brazil
100%
2,029,886Mexico
96%
314,275Colombia
96%
132,730United States
94%
466,758Peru
90%
124,110China
88%
133,922Venezuela
88%
363,157Indonesia
86%
133,636Chile
86%
62,840South Africa
84%
125,596Guatemala
80%
92,936Spain
76%
194,279Kenya
65%
65,558Democratic Republic of the Congo
63%
57,120Ethiopia
55%
637,688Dominican Republic
51%
97,520Haiti
47%
110,000Israel
31%
71,235Cameroon
27%
97,358Malawi
14%

Score Distribution

Percentile by Number Answered

Percent of People with Each Score

Your Score History

You have not taken this quiz